30 Biggest Urban Agglomerations in Brazil - Statistics

General Stats
  • This quiz has been taken 69 times
  • The average score is 20 of 30
Answer Stats
Hint Answer % Correct
3,858,760 Brasília
100%
11,760,550 Rio de Janeiro
100%
20,673,280 São Paulo
100%
4,963,704 Belo Horizonte
98%
3,783,639 Recife
97%
3,679,298 Porto Alegre
95%
3,320,568 Salvador
95%
1,957,533 Belém
93%
2,063,689 Manaus
93%
3,424,978 Fortaleza
91%
3,382,210 Curitiba
86%
2,093,118 Campinas
72%
1,183,874 Florianópolis
72%
2,481,043 Goiânia
72%
1,263,738 Natal
72%
1,458,836 São Luís
66%
1,756,172 Vitória
60%
1,672,991 Santos
59%
898,100 Campo Grande
55%
1,194,596 Maceió
53%
1,040,765 Teresina
52%
1,173,268 João Pessoa
50%
1,019,011 Aracaju
41%
950,955 Cuiabá
41%
713,224 Uberlândia
41%
726,589 Londrina
36%
1,589,875 São José dos Campos
34%
861,177 Ribeirão Preto
28%
945,097 Sorocaba
16%
843,633 Jundiaí
9%
No matching quizzes found
Score Distribution
Percent of People with Each Score
Percentile by Number Answered
Your Score History
You have not taken this quiz